| 000 | 01204nam a2200301 a 4500 | ||
|---|---|---|---|
| 003 | DO-SdBNP | ||
| 005 | 20250526113050.0 | ||
| 007 | ta | ||
| 008 | 220908e2020 dr ad||fr|||| 001 0 spa d | ||
| 020 | _a9789945929843 | ||
| 040 |
_aDO-SdBNP _bspa _cBNPHU |
||
| 082 | 4 |
_222 _bM578c |
|
| 100 | 1 |
_930930 _aMesa-Lago, Carmelo |
|
| 245 | 1 | 0 |
_aComentarios y recomendaciones sobre pensiones para el proyecto de Ley de reformas de la seguridad social en la República Dominicana. / _cCarmelo Mesa-Lago; Editor, Yesko quiroga Stöllger |
| 260 |
_aSanto Domingo : _bFRIEDRICH EBERT, _c[2020] |
||
| 300 |
_a40 p. : _bil., gráf. ; _c28 cm. |
||
| 500 | _aIncluye bibliografía y notas al pié de páginas. | ||
| 500 | _aIncluye lista de cuadros. | ||
| 590 | _aInventariado 2022 / MF | ||
| 650 | 4 |
_979530 _aRepública Dominicana _xLey 87-01 que crea el Sistema Dominicano de Seguridad Social |
|
| 650 | 4 |
_978840 _aSeguridad social _zAmérica Latina |
|
| 650 | 4 |
_aSeguridad social _zRepública Dominicana _92151 |
|
| 650 | 0 |
_aFondo de pensiones _xRepública Dominicana _915697 |
|
| 700 | 1 |
_aQuiroga Stöllger, Yesko _982330 |
|
| 710 | 2 |
_966113 _aFriedrich Ebert Stiftung. |
|
| 910 | _aMFeliz | ||
| 942 |
_2ddc _cLF2 |
||
| 999 |
_c52362 _d52362 |
||